00836nam a22002175i 4500001000700000003000900007005001700016008004100033080002300074100003900097245006000136260003700196300004000233490004800273610003100321610003300352830005600385852003600441999001900477952012200496177207ES-MaACL20230906220258.0110308s1949 sp o |||| | spa d a728.82(460.357 G.)1 aTorres Balbás, Leopoldo.911092613aLa Alhambra y el Generalife / cpor L. Torres Balbás. aMadrid : bPlus-Ultra, c[1949?] a158 p. : bfot. bl. y n. ; c22 cm.1 aLos monumentos cardinales de España ; v724aAlhambra (Granada)914549524aGeneralife (Granada)91454960 aLos monumentos cardinales de España ; v79190368 aES-MaACLjE-14620 xOlim P-1021 c177207d177207 00104070aATENEOMbATENEOMcDEPO2d2011-03-08eSCl0oE-14620p1186115r2023-02-23 00:00:00w2023-02-23yMONOGRAFIA